Services Marketing (Record no. 349780)

000 -LEADER
fixed length control field 00403nam a22001217a 4500
003 - CONTROL NUMBER IDENTIFIER
control field NUST
005 - DATE AND TIME OF LATEST TRANSACTION
control field 20180117100153.0
008 - FIXED-LENGTH DATA ELEMENTS--GENERAL INFORMATION
fixed length control field 140916b xxu||||| |||| 00| 0 eng d
020 ## - INTERNATIONAL STANDARD BOOK NUMBER
Linkage 0-13-017392-4
040 ## - CATALOGING SOURCE
Transcribing agency NUST
082 ## - DEWEY DECIMAL CLASSIFICATION NUMBER
Edition number 4th Ed.
Classification number 658.8 Lov 2000
100 ## - MAIN ENTRY--PERSONAL NAME
Personal name Christopher Lovelock
Titles and words associated with a name Services Marketing
Dates associated with a name 2000
9 (RLIN) 8461
245 ## - TITLE STATEMENT
Title Services Marketing
Remainder of title People, Technology, Strategy
Statement of responsibility, etc. Christopher Lovelock
250 ## - EDITION STATEMENT
Edition statement 4th Ed.
260 ## - PUBLICATION, DISTRIBUTION, ETC.
Place of publication, distribution, etc. New jersey
Name of publisher, distributor, etc. Prentce Hall
Date of publication, distribution, etc. 2000
942 ## - ADDED ENTRY ELEMENTS (KOHA)
Source of classification or shelving scheme
Koha item type Book
Holdings
Withdrawn status Lost status Source of classification or shelving scheme Damaged status Not for loan Collection code Permanent Location Current Location Shelving location Date acquired Total Checkouts Total Renewals Full call number Barcode Date last seen Date last checked out Price effective from Koha item type
            Central Library (CL) Central Library (CL) General Stacks 09/16/2014 2 1 658.8 LOV 2000 NBS5930 01/03/2023 09/26/2021 09/16/2014 Book
© 2023 Central Library, National University of Sciences and Technology. All Rights Reserved.